Raíces y pautas de nuestra cultura política
Es la transcripción de una charla presentada al cumplirse 22 años de la Revolución. Se refiere a la diversidad de culturas existentes -en este caso, en la sociedad nicaragüense-, a la dominación y opresión de unos grupos sociales sobre otros al Estado a la lucha por la hegemonía económica que existí...
Gespeichert in:
| Format: | Text |
|---|---|
| Schlagworte: | |
| Tags: |
Tag hinzufügen
Keine Tags, Fügen Sie den ersten Tag hinzu!
|
MARC
| LEADER | 00000 a a2200000 04500 | ||
|---|---|---|---|
| 001 | 7168 | ||
| 003 | |||
| 040 | |||
| 245 | |a Raíces y pautas de nuestra cultura política | ||
| 520 | |a Es la transcripción de una charla presentada al cumplirse 22 años de la Revolución. Se refiere a la diversidad de culturas existentes -en este caso, en la sociedad nicaragüense-, a la dominación y opresión de unos grupos sociales sobre otros al Estado a la lucha por la hegemonía económica que existía entre la dictadura somocista y las clases dominantes: en fin, se refiere a toda la crisis del país en general./ICC/ | ||
| 650 | |a CULTURA | ||
| 650 | |a MEDIO CULTURAL | ||
| 650 | |a GRUPOS SOCIALES | ||
| 650 | |a VIOLENCIA | ||
| 650 | |a CAMBIO SOCIAL | ||
| 650 | |a REVOLUCION | ||
| 650 | |a MOVIMIENTOS SOCIALES | ||
| 650 | |a ESTADO | ||
| 650 | |a CRISIS | ||
| 650 | |a PARTICIPACION COMUNITARIA | ||
| 650 | |a DISCRIMINACION | ||
| 650 | |a PROBLEMAS SOCIALES | ||
| 773 | |g volumen 20, número 232; páginas 29-34 | ||
| 999 | |c 21853 |d 21853 | ||
